000 00268nam a2200133Ia 4500
100 _aNone
650 _aTurner
942 _cBK
654 _aTurner
245 _aTurner unsolved papers
260 _bNew Heights
_aNEW DELHI
_c1978
546 _aENGLISH
999 _c18246
_d18246